| 000 | 00714nam a2200229 i 4500 | ||
|---|---|---|---|
| 001 | 110874 | ||
| 003 | ES-MaACL | ||
| 005 | 20260112144020.0 | ||
| 007 | t| | ||
| 008 | 040429s1916 sp |||| | spa d | ||
| 080 | _a821.134.2-22"18" | ||
| 100 | 1 |
_aTrigo, Felipe. _9111409 |
|
| 245 | 1 | 0 |
_aTrata de blancas (Mavi) : _bcomedia original e inédita / _cFelipe Trigo. |
| 260 |
_a[Madrid : _bLa Novela Teatral, _c1916] |
||
| 300 |
_a50 p. ; _c20 cm. |
||
| 490 | 1 |
_aLa novela teatral ; _v1 |
|
| 599 | _aEn cub.: caricatura de Felipe Trigo por F.G. Fresno. | ||
| 700 | 0 |
_aFresno, _d1881-1949 _9169727 |
|
| 830 | 1 |
_aLa novela teatral ; _v1 _9122427 |
|
| 852 | 4 |
_aES-MaACL _j2214-F-1 |
|
| 999 |
_c110874 _d110874 |
||